| 000 | 00889nam a2200289 i 4500 | ||
|---|---|---|---|
| 003 | DO-SdBNP | ||
| 005 | 20250312120828.0 | ||
| 007 | ta | ||
| 008 | 240613b2018 dr ||||| |||| 00| 0 spa d | ||
| 020 | _a9789945648997 | ||
| 040 |
_aDO-SdBNP _bspa _cBNPHU _erda |
||
| 082 | 4 |
_aRD861.5 _bM585a _222 |
|
| 100 | 1 |
_aMessón, Omar, _964170 _eautor |
|
| 245 | 1 | 0 |
_aAlfabeto del silencio / _cOmar Messón |
| 264 |
_aSanto Domingo : _bSantuario, _c2018. |
||
| 300 |
_a70 páginas ; _c23 cm. |
||
| 336 |
_2rdacontent _atexto _btxt |
||
| 337 |
_2rdamedia _asin mediación _bn |
||
| 338 |
_2rdacarrier _avolumen _bnc |
||
| 500 | _aIncluye datos biográficos del autor en las solapas | ||
| 586 | _aPoesía de la Sociedad Cultural Alianza Cibaeña | ||
| 590 | _aInventariado, 2024/BT | ||
| 650 | 4 | _aPoesía dominicana | |
| 650 | 4 | _aLiteratura dominicana | |
| 910 | _aBtavárez | ||
| 942 |
_2ddc _cLBS1 |
||
| 999 |
_c56847 _d56847 |
||